Hồ Xuân Hương thiên tình sử
Tập chuyên luận này gồm ba công trìng nghiên cứu của Giáo sư Hoàng Xuân Hãn: Nguyễn Biểu, một gương nghĩa liệt và mấy bài văn thơ cuối đời Trần; ỷ Lan, một truyện thơ nôm lục bát viết về Hoàng Thái Hậu thứ ba triều Lý - mẹ vua Lý Nhâ...
שמור ב:
| מחבר ראשי: | |
|---|---|
| פורמט: | ספר |
| שפה: | Undetermined |
| יצא לאור: |
Hà Nội
Văn Học
1999
|
| נושאים: | |
| תגים: |
הוספת תג
אין תגיות, היה/י הראשונ/ה לתייג את הרשומה!
|
| Thư viện lưu trữ: | Trung tâm Học liệu Trường Đại học Cần Thơ |
|---|
| LEADER | 01111nam a2200205Ia 4500 | ||
|---|---|---|---|
| 001 | CTU_32600 | ||
| 008 | 210402s9999 xx 000 0 und d | ||
| 020 | |b 29.000đ | ||
| 082 | |a 809 | ||
| 082 | |b H305 | ||
| 100 | |a Hoàng Xuân Hãn | ||
| 245 | 0 | |a Hồ Xuân Hương thiên tình sử | |
| 245 | 0 | |c Hoàng Xuân Hãn | |
| 260 | |a Hà Nội | ||
| 260 | |b Văn Học | ||
| 260 | |c 1999 | ||
| 520 | |a Tập chuyên luận này gồm ba công trìng nghiên cứu của Giáo sư Hoàng Xuân Hãn: Nguyễn Biểu, một gương nghĩa liệt và mấy bài văn thơ cuối đời Trần; ỷ Lan, một truyện thơ nôm lục bát viết về Hoàng Thái Hậu thứ ba triều Lý - mẹ vua Lý Nhân Tông; và Hồ Xuân Hương với vịnh Hạ Long, về tình sử và văn thơ Hồ Xuân Hương | ||
| 650 | |a poets, vietnamese - biography,vietnamese literature - 19th century - history and criticism | ||
| 904 | |i Minh, 990813 | ||
| 980 | |a Trung tâm Học liệu Trường Đại học Cần Thơ | ||